| 000 | 00776nam a2200229 a 4500 | ||
|---|---|---|---|
| 005 | 20210219154310.0 | ||
| 008 | 010508s20001993mx r 000 0 spa d | ||
| 020 | _a9681657454 | ||
| 035 | _aUPN01000122547 | ||
| 049 | _aCG | ||
| 050 | 4 |
_aRC438 _bH5.48 2000 |
|
| 245 | 0 | 0 |
_aNueva historia de la psiquiatría / _ccoord. Jacques Postel y Claude Quétel ; tr. Francisco González Aramburo. |
| 250 | _a2a. ed. | ||
| 260 |
_aMéxico : _bFCE, _c2000. |
||
| 300 | _a783 p. | ||
| 440 | 0 | _aBiblioteca de obras de psicología, psiquiatría y psicoanálisis | |
| 504 | _aTítulo de la primera edición: Historia de la psquiatría | ||
| 534 |
_pTítulo original: _tNouvelle histoire de la psychiatrie |
||
| 650 | 4 |
_aPSIQUIATRIA - _xHISTORIA |
|
| 902 | _aCAA/pgv | ||
| 905 | _aLibro | ||
| 999 |
_c94734 _d94734 |
||